| 000 | 02563nem2a2200361 4500 | ||
|---|---|---|---|
| 001 | RU\NLR\BIBL_A\022658137 | ||
| 005 | 20260628200553.0 | ||
| 010 |
_a978-5-00193-769-2 _9100 |
||
| 035 | _a(NLR Aleph) 022658137 | ||
| 090 |
_a13741888 _c13741888 |
||
| 100 | _a20251030d2023 m||y0rusy50 ca | ||
| 101 | 0 | _arus | |
| 102 | _aRU | ||
| 120 | _abyyy xx|| | ||
| 123 | 1 |
_aa _b1000000 |
|
| 200 | 1 |
_aЛист R-55 – Чокурдах _bКарты _fИсполнители работ Московский филиал ФГБУ «ВСЕГЕИ» _gРедактор комплекта Шнейдер Г.В _gАвторы: Котова Екатерина Дмитриевна и др. |
|
| 206 | _a1:1 000 000 | ||
| 210 |
_aСанкт-Петербург _cИзд-во ВСЕГЕИ _d2023 |
||
| 215 |
_a3 к. (6 л.) _cцв., схемы, проф., табл. _d93х64 см и др., в кор. 25х17 см |
||
| 225 | 1 | _aСерия Верхояно-Колымская | |
| 300 | _aКарты: Карта полезных ископаемых; Карта закономерностей размещения и прогноза полезных ископаемых; Геологическая карта дочетвертичных образований | ||
| 327 | 1 | _aДоп. карты: Схема прогноза полезных ископаемых.- 1: 2 500 000; Тектоническая схема.- 1: 2 500 000; Схема глубинного строения.- 1: 2 500 000 | |
| 461 | 0 |
_1001RU\NLR\BIBL_A\012660634 _12001#$aГосударственная геологическая карта Российской Федерации _912754783 _cСанкт-Петербург _d2019-2022 _e3-е поколение _fОформл. и отпеч. на картогр. ф-ке ВСЕГЕИ _nВСЕГЕИ _p...компл _tГосударственная геологическая карта Российской Федерации: Карты |
|
| 509 | 0 | 1 |
_7ca _aСаха (Якутия) _gреспублика _92633469 _3RU\NLR\auth_crt\55292 |
| 607 |
_aСаха (Якутия), Республика _jКарты _xГеология _92221246 _3RU\NLR\AUTH\661333778 |
||
| 608 |
_aКарты полезных ископаемых _92327007 _3RU\NLR\AUTH\661391795 |
||
| 608 |
_aГеологические карты _9938579 _3RU\NLR\AUTH\6628198 |
||
| 702 | 1 |
_aКотова _bЕ. Д. _gЕкатерина Дмитриевна _4070 |
|
| 702 | 1 |
_aШнейдер _bГ. В _4340 |
|
| 852 |
_aNLR _bК _j4-Союз 6/5000 _m25-88 |
||
| 942 | _cMAP | ||
| 980 | _aNB | ||